000 00601nam a2200193Ia 4500
003 GCL
008 140319s9999 xx 000 0 ara d
040 _aGCL /
_cGCL
082 0 4 _a813.009
_bغ ن
100 1 _aغالى شكرى (اعداد وتقديم)
245 1 0 _aنجيب محفوظ ابداع نصف قرن /
_cغالى شكرى (اعداد وتقديم)
260 _a[S.N] :
_bدار الشروق ،
_c1989
490 _a
650 0 4 _aالادب العربى
650 0 4 _aالعصر الحديث
650 0 4 _aنجيب محفوظ
650 0 4 _aتاريخ ونقد
942 _2ddc
_cBK
999 _c31869
_d31869